The Ultimate Brooklyn Nine Nine Quiz - Statistics

General Stats
  • This quiz has been taken 1,875 times
    1,864 since last reset
  • The average score is 22 of 34
Answer Stats
Question Answer % Correct
What does Terry love? yoghurt
97%
What is captain Holt's dog called? cheddar
95%
What sexuality is Rosa? Bi
93%
How many jacket buttons does Jake have at Darleynes and Lynns wedding 3
91%
Who has a lookalike? Charles
90%
Who joins Jake and Amy on their Honeymoon? Captain Holt
87%
Who is Jakes nemesis and best friend? Doug Judy
85%
How many captains are featured in the first six seasons? 5
84%
What is Terrys third daughter called? Ava
82%
What does Peralta steal in the first Halloween heist? medal of valour
80%
What is Charles' son called? Nikolaj
79%
What is the job of Sophia? Defence Attorney
77%
Who gets wrongly imprisoned? Jake and Rosa
77%
What is the lookalikes name? Bill
76%
What song does Jake get a lineup to sing? I want it that way
76%
What is Doug Judys sisters name? Trudy Judy
76%
What colour does Terry paint himself in the Cinco de Mayo heist? gold
73%
What holiday was the above born on? Thanksgiving
70%
What does Wuntch make Holt dress up as? Pigeon
68%
Where do Holt and Jake have to hide from Jimmy Figgis? Coral Palms
67%
What is two drink Amy? Loud Amy
65%
What is Hitchcock and Scully's favourite restaurant? Wing sluts
64%
What colour shirt does Jake wear in the second Halloween heist? red
63%
What rank is Terry in season 6? lieutenant
56%
What is the name of the janitor Amy dresses up as in the 3rd Halloween heist? Al
54%
What type of school did Rosa go to? catholic
53%
What does CJ stand for? Captain Jason
38%
What is Scully's twins first name? Earl
34%
What names do Jake and Amy use when they go undercover to catch the identity theif? Johnny and dora
34%
How much is the ham stolen from the apartment in episode worth? $6000
30%
What is Amys mum called? Camilla
14%
What is the title of the first sex tape? kind sober and fully dressed
14%
How many times has Boyle been broken up with? 210
9%
Who did Terry leave with a broken heart? Veronica hopkins
7%
No matching quizzes found
Score Distribution
Percent of People with Each Score
Percentile by Number Answered
Your Score History
You have not taken this quiz since the last reset